<?xml version="1.0" encoding="UTF-8"?>
<record
    xmlns:xsi="http://www.w3.org/2001/XMLSchema-instance"
    xsi:schemaLocation="http://www.loc.gov/MARC21/slim http://www.loc.gov/standards/marcxml/schema/MARC21slim.xsd"
    xmlns="http://www.loc.gov/MARC21/slim">

  <leader>02742cam a2200349 a 4500</leader>
  <controlfield tag="003">EG-GiCUC</controlfield>
  <controlfield tag="005">20250223032229.0</controlfield>
  <controlfield tag="008">190319s2018    ua dho f m    000 0 eng d</controlfield>
  <datafield tag="040" ind1=" " ind2=" ">
    <subfield code="a">EG-GiCUC</subfield>
    <subfield code="b">eng</subfield>
    <subfield code="c">EG-GiCUC</subfield>
  </datafield>
  <datafield tag="041" ind1="0" ind2=" ">
    <subfield code="a">eng</subfield>
  </datafield>
  <datafield tag="049" ind1=" " ind2=" ">
    <subfield code="a">Deposite</subfield>
  </datafield>
  <datafield tag="097" ind1=" " ind2=" ">
    <subfield code="a">Ph.D</subfield>
  </datafield>
  <datafield tag="099" ind1=" " ind2=" ">
    <subfield code="a">Cai01.24.03.Ph.D.2018.Ta.R</subfield>
  </datafield>
  <datafield tag="100" ind1="0" ind2=" ">
    <subfield code="a">Tamer Mohsen Ahmed Elnahas</subfield>
  </datafield>
  <datafield tag="245" ind1="1" ind2="0">
    <subfield code="a">Randomized prospective study on the use of laser assisted hatching for transfer of frozen / thawed embryos in human intracytoplasmic sperm injection / </subfield>
    <subfield code="c">Tamer Mohsen Ahmed Elnahas ; Supervised Mohamed Amr Hussein Elnory , Mohamed Ahmed Aboulghar , Osama Mahmoud Azmy</subfield>
  </datafield>
  <datafield tag="246" ind1="1" ind2="5">
    <subfield code="a">&#x62F;&#x631;&#x627;&#x633;&#x629; &#x639;&#x634;&#x648;&#x627;&#x626;&#x64A;&#x629; &#x645;&#x62D;&#x62A;&#x645;&#x644;&#x629; &#x644;&#x62A;&#x623;&#x62B;&#x64A;&#x631; &#x627;&#x644;&#x644;&#x64A;&#x632;&#x631; &#x643;&#x645;&#x62D;&#x641;&#x632; &#x644;&#x641;&#x642;&#x633; &#x627;&#x644;&#x627;&#x62C;&#x646;&#x629; &#x627;&#x644;&#x645;&#x62C;&#x645;&#x62F;&#x629; &#x641;&#x649; &#x62D;&#x627;&#x644;&#x627;&#x62A; &#x627;&#x644;&#x62D;&#x642;&#x646; &#x627;&#x644;&#x645;&#x62C;&#x647;&#x631;&#x649;</subfield>
  </datafield>
  <datafield tag="260" ind1=" " ind2=" ">
    <subfield code="a">Cairo : </subfield>
    <subfield code="b">Tamer Mohsen Ahmed Elnahas , </subfield>
    <subfield code="c">2018</subfield>
  </datafield>
  <datafield tag="300" ind1=" " ind2=" ">
    <subfield code="a">91 P. : </subfield>
    <subfield code="b">charts , facsimiles , photographs ; </subfield>
    <subfield code="c">25cm</subfield>
  </datafield>
  <datafield tag="502" ind1=" " ind2=" ">
    <subfield code="a">Thesis (Ph.D.) - Cairo University - National Institute of Laser Enhanced Sciences - Department of Laser Application in Medical and Biological</subfield>
  </datafield>
  <datafield tag="520" ind1=" " ind2=" ">
    <subfield code="a">Background: Cryopreservation of human embryos has become an essential part of assisted reproduction, however it might be associated with zonal hardening, which could reduce implantation rates and clinical pregnancy rates. Assisted hatching has been used to induce microdissection of the zona pellucida. Many techniques have been used. Such as mechanical, chemical, piezo and laser techniques. Objective: To determine if laser assisted hatching improves both the implantation and clinical pregnancy rates in women using transferred frozen/thawed embryos. Patients and methods: 160 women. Scheduled for transfer of cryopreserved embryos, were randomized in two equal groups using sealed envelopes; a laser assisted hatching group (test group), and a control group, each included 80 women. On the day of embryo transfer. Diode laser was used in LAH group to induce zonal microdissection. The quality and safety of the embryos are assisted morphologically after hatching and also by measuring malondialdehyde before and after application of laser to determine if laser might be a source of oxidative stress, which affects embryos quality, implantation rates and pregnancy rates</subfield>
  </datafield>
  <datafield tag="530" ind1=" " ind2=" ">
    <subfield code="a">Issued also as CD</subfield>
  </datafield>
  <datafield tag="653" ind1=" " ind2="4">
    <subfield code="a">Cryopreservation</subfield>
  </datafield>
  <datafield tag="653" ind1=" " ind2="4">
    <subfield code="a">Laser assisted hatching for transfer of frozen </subfield>
  </datafield>
  <datafield tag="653" ind1=" " ind2="4">
    <subfield code="a">Pregnancy rates</subfield>
  </datafield>
  <datafield tag="700" ind1="0" ind2=" ">
    <subfield code="a">Mohamed Ahmed Aboulghar , </subfield>
    <subfield code="e">Supervisor</subfield>
  </datafield>
  <datafield tag="700" ind1="0" ind2=" ">
    <subfield code="a">Mohamed Amr Hussein Elnory , </subfield>
    <subfield code="e">Supervisor</subfield>
  </datafield>
  <datafield tag="700" ind1="0" ind2=" ">
    <subfield code="a">Osama Mahmoud Azmy , </subfield>
    <subfield code="e">Supervisor</subfield>
  </datafield>
  <datafield tag="856" ind1=" " ind2=" ">
    <subfield code="u">http://172.23.153.220/th.pdf</subfield>
  </datafield>
  <datafield tag="905" ind1=" " ind2=" ">
    <subfield code="a">Nazla</subfield>
    <subfield code="e">Revisor</subfield>
  </datafield>
  <datafield tag="905" ind1=" " ind2=" ">
    <subfield code="a">Samia</subfield>
    <subfield code="e">Cataloger</subfield>
  </datafield>
  <datafield tag="942" ind1=" " ind2=" ">
    <subfield code="2">ddc</subfield>
    <subfield code="c">TH</subfield>
  </datafield>
  <datafield tag="999" ind1=" " ind2=" ">
    <subfield code="c">70928</subfield>
    <subfield code="d">70928</subfield>
  </datafield>
  <datafield tag="952" ind1=" " ind2=" ">
    <subfield code="2">ddc</subfield>
    <subfield code="7">0</subfield>
    <subfield code="a">CUCL</subfield>
    <subfield code="b">cl210</subfield>
    <subfield code="d">2024-02-11</subfield>
    <subfield code="o">Cai01.24.03.Ph.D.2018.Ta.R</subfield>
    <subfield code="p">01010110077472000</subfield>
    <subfield code="r">2023-09-22 00:00:00</subfield>
    <subfield code="y">TH</subfield>
  </datafield>
  <datafield tag="952" ind1=" " ind2=" ">
    <subfield code="2">ddc</subfield>
    <subfield code="7">0</subfield>
    <subfield code="a">CUCL</subfield>
    <subfield code="b">cl2u8</subfield>
    <subfield code="d">2024-02-11</subfield>
    <subfield code="o">Cai01.24.03.Ph.D.2018.Ta.R</subfield>
    <subfield code="p">01020110077472000</subfield>
    <subfield code="r">2023-09-22 00:00:00</subfield>
    <subfield code="t">77472.CD</subfield>
    <subfield code="y">CD</subfield>
  </datafield>
</record>
